NDU-K Library Catalogue

Girl in a jacket 

Women and land in Africa : (Record no. 23693)

MARC details
000 -LEADER
fixed length control field 02212cam a22004934a 4500
001 - CONTROL NUMBER
control field 12871757
003 - CONTROL NUMBER IDENTIFIER
control field OSt
005 - DATE AND TIME OF LATEST TRANSACTION
control field 20260416072535.0
008 - FIXED-LENGTH DATA ELEMENTS--GENERAL INFORMATION
fixed length control field 020726s2003 enk b 001 0 eng
010 ## - LIBRARY OF CONGRESS CONTROL NUMBER
LC control number 2002031129
020 ## - INTERNATIONAL STANDARD BOOK NUMBER
International Standard Book Number 1842770969
Qualifying information cased
020 ## - INTERNATIONAL STANDARD BOOK NUMBER
International Standard Book Number 1842770977
Qualifying information limp
020 ## - INTERNATIONAL STANDARD BOOK NUMBER
International Standard Book Number 9781842770962
Qualifying information (cased)
020 ## - INTERNATIONAL STANDARD BOOK NUMBER
International Standard Book Number 9781842770979
Qualifying information (limp)
035 ## - SYSTEM CONTROL NUMBER
System control number 12871757
040 ## - CATALOGING SOURCE
Original cataloging agency DLC
Transcribing agency DLC
Modifying agency DLC
042 ## - AUTHENTICATION CODE
Authentication code pcc
043 ## - GEOGRAPHIC AREA CODE
Geographic area code f------
050 00 - LIBRARY OF CONGRESS CALL NUMBER
Classification number HD6077.2.A35
Item number W66 2003
082 00 - DEWEY DECIMAL CLASSIFICATION NUMBER
Classification number 333.76/082/0967
Edition number 21
245 00 - TITLE STATEMENT
Title Women and land in Africa :
Remainder of title culture, religion and realizing women's right's /
Statement of responsibility, etc. edited by L. Muthoni Wanyeki.
260 ## - PUBLICATION, DISTRIBUTION, ETC.
Place of publication, distribution, etc. London ;
-- New York :
Name of publisher, distributor, etc. Zed Books ;
Place of publication, distribution, etc. New York, NY :
Name of publisher, distributor, etc. distributed in the USA exclusively by Palgrave,
Date of publication, distribution, etc. c2003.
300 ## - PHYSICAL DESCRIPTION
Extent xv, 384 p. ;
Dimensions 24 cm.
336 ## - CONTENT TYPE
Content type term text
Content type code txt
Source rdacontent
337 ## - MEDIA TYPE
Media type term unmediated
Media type code n
Source rdamedia
338 ## - CARRIER TYPE
Carrier type term volume
Carrier type code nc
Source rdacarrier
500 ## - GENERAL NOTE
General note First published in South Africa: Claremont, South Africa : David Philip Publishers.
504 ## - BIBLIOGRAPHY, ETC. NOTE
Bibliography, etc. note Includes bibliographical references and index.
650 #0 - SUBJECT ADDED ENTRY--TOPICAL TERM
Topical term or geographic name entry element Women in agriculture
Geographic subdivision Africa
Form subdivision Case studies.
650 #0 - SUBJECT ADDED ENTRY--TOPICAL TERM
Topical term or geographic name entry element Land tenure
Geographic subdivision Africa
Form subdivision Case studies.
650 #0 - SUBJECT ADDED ENTRY--TOPICAL TERM
Topical term or geographic name entry element Right of property
Geographic subdivision Africa
Form subdivision Case studies.
650 #0 - SUBJECT ADDED ENTRY--TOPICAL TERM
Topical term or geographic name entry element Women and land use planning
Geographic subdivision Africa
Form subdivision Case studies.
650 #0 - SUBJECT ADDED ENTRY--TOPICAL TERM
Topical term or geographic name entry element Land use, Rural
Geographic subdivision Africa
Form subdivision Case studies.
650 #0 - SUBJECT ADDED ENTRY--TOPICAL TERM
Topical term or geographic name entry element Women's rights
Geographic subdivision Africa
Form subdivision Case studies.
655 #7 - INDEX TERM--GENRE/FORM
Genre/form data or focus term Case studies.
Source of term lcgft
Authority record control number or standard number https://id.loc.gov/authorities/genreForms/gf2017026140
700 1# - ADDED ENTRY--PERSONAL NAME
Personal name Wanyeki, Lynne Muthoni,
Dates associated with a name 1972-
856 42 - ELECTRONIC LOCATION AND ACCESS
Materials specified Contributor biographical information
Uniform Resource Identifier <a href="http://www.loc.gov/catdir/bios/hol052/2002031129.html">http://www.loc.gov/catdir/bios/hol052/2002031129.html</a>
856 42 - ELECTRONIC LOCATION AND ACCESS
Materials specified Publisher description
Uniform Resource Identifier <a href="http://www.loc.gov/catdir/description/hol031/2002031129.html">http://www.loc.gov/catdir/description/hol031/2002031129.html</a>
856 41 - ELECTRONIC LOCATION AND ACCESS
Materials specified Table of contents only
Uniform Resource Identifier <a href="http://www.loc.gov/catdir/enhancements/fy0629/2002031129-t.html">http://www.loc.gov/catdir/enhancements/fy0629/2002031129-t.html</a>
906 ## - LOCAL DATA ELEMENT F, LDF (RLIN)
a 7
b cbc
c orignew
d 1
e ocip
f 20
g y-gencatlg
942 ## - ADDED ENTRY ELEMENTS (KOHA)
Source of classification or shelving scheme Library of Congress Classification
Koha item type Normal Collection
Suppress in OPAC No
Holdings
Withdrawn status Lost status Source of classification or shelving scheme Damaged status Not for loan Home library Current library Date acquired Inventory number Total Checkouts Full call number Barcode Date last seen Copy number Price effective from Koha item type
    Library of Congress Classification     International Peace Support Training Centre (IPSTC) International Peace Support Training Centre (IPSTC) 16/04/2026 2716/2018   HD6077.2.A35 W66 2003 200127162018 16/04/2026 c1 16/04/2026 Normal Collection
    Library of Congress Classification     International Peace Support Training Centre (IPSTC) International Peace Support Training Centre (IPSTC) 16/04/2026 2011/2016   HD6077.2.A35 W66 2003 200120112016 16/04/2026 c2 16/04/2026 Normal Collection
Copyright © 2026 [National Defence University - Kenya]. All rights reserved.